000
00373nam a2200145Ia 4500
008
100122s9999 xx 000 0 und d
082
_b
42790
_a
823
100
_a
हरकारे अरुण
245
_a
कर्ज
260
_b
रावजी प्रकाशन
_c
1989
300
_a
241
630
_a
कर्ज
730
_a
कर्ज
942
_c
BOOK
999
_c
423108
_d
423105